[Event "Charlesbourg Zukertort"]
[Site "Charlesbourg CAN"]
[Date "2004.05.17"]
[Round "4"]
[White "Lessard, Claude"]
[Black "Beaudoin, Stephane"]
[Result "1/2-1/2"]
[WhiteElo "2007"]
[BlackElo "2126"]
[PlyCount "80"]
[GameId "2160767911166867"]
[EventDate "2004.04.??"]
[EventType "swiss"]
[EventRounds "5"]
[EventCountry "CAN"]
[SourceTitle "EXT 2005"]
[Source "ChessBase"]
[SourceDate "2004.11.15"]
[SourceVersion "1"]
[SourceVersionDate "2004.11.15"]
[SourceQuality "1"]

1. e4 g6 2. d4 Bg7 3. Nc3 d6 4. f4 Nf6 5. Nf3 O-O 6. Bc4 Nxe4 7. Bxf7+ Rxf7 8. Nxe4 h6 9. O-O Bg4 10. c3 Nd7 11. Qd3 e5 12. h3 Bxf3 13. Rxf3 d5 14. dxe5 dxe4 15. Qxe4 Nf8 16. Qxb7 c5 17. Qe4 Rb8 18. b3 Qd1+ 19. Rf1 Qh5 20. Be3 Ne6 21. Rad1 Re8 22. Qc6 Rfe7 23. Rd7 Kh7 24. Rxa7 Rxa7 25. Qxe8 Qf5 26. a4 Rb7 27. a5 Rxb3 28. a6 Nc7 29. Qc6 Nxa6 30. Qxa6 Rxc3 31. Re1 Qe4 32. Bf2 Qxf4 33. e6 Rc2 34. Bxc5 Rxc5 35. e7 Bd4+ 36. Kh1 Be5 37. Qxg6+ Kxg6 38. e8=Q+ Kh7 39. Qe7+ Kg6 40. Qe8+ Kh7 1/2-1/2

[Event "Charlesbourg Zukertort"]
[Site "Charlesbourg CAN"]
[Date "2004.05.17"]
[Round "4"]
[White "Sauve, Richard"]
[Black "Laflamme, Simon"]
[Result "0-1"]
[WhiteElo "1924"]
[BlackElo "1920"]
[PlyCount "118"]
[GameId "2160767911166868"]
[EventDate "2004.04.??"]
[EventType "swiss"]
[EventRounds "5"]
[EventCountry "CAN"]

1. d4 Nf6 2. c4 Nc6 3. Nc3 e5 4. d5 Ne7 5. e4 Ng6 6. Be3 Bb4 7. Bd3 Bxc3+ 8. bxc3 d6 9. c5 Nd7 10. cxd6 cxd6 11. Ne2 Qc7 12. O-O O-O 13. c4 Nc5 14. Nc3 b6 15. Nb5 Qe7 16. Bxc5 bxc5 17. f3 Nf4 18. g3 Nxd3 19. Qxd3 f5 20. Rab1 fxe4 21. fxe4 Bh3 22. Rf3 a6 23. Nc3 Rxf3 24. Qxf3 Rf8 25. Qh5 Qd7 26. Re1 Bg4 27. Qg5 Qf7 28. Qe3 Bh3 29. Qe2 h5 30. Nd1 Bg4 31. Qg2 Bxd1 32. Rxd1 Qf3 33. Qxf3 Rxf3 34. Rb1 Rc3 35. Rb6 Rxc4 36. Rxd6 Rxe4 37. Rxa6 Rd4 38. d6 Kf7 39. Rc6 Rd5 40. Kf2 Ke6 41. Ke3 Kd7 42. Rc7+ Kxd6 43. Rxg7 c4 44. Ra7 c3 45. Ra6+ Kc7 46. Ra7+ Kb6 47. Ra3 Rc5 48. Rb3+ Kc6 49. Rb1 Kd5 50. h3 Kc4 51. Rc1 Rd5 52. g4 Rd3+ 53. Ke4 hxg4 54. hxg4 Rd4+ 55. Kf5 Rf4+ 56. Kxe5 Rxg4 57. a4 Kd3 58. Ra1 c2 59. a5 Kd2 0-1

[Event "Charlesbourg Zukertort"]
[Site "Charlesbourg CAN"]
[Date "2004.05.24"]
[Round "5"]
[White "Drolet, Stephane"]
[Black "Beaudoin, Stephane"]
[Result "1-0"]
[WhiteElo "2121"]
[BlackElo "2126"]
[PlyCount "43"]
[GameId "2160767911166869"]
[EventDate "2004.04.??"]
[EventType "swiss"]
[EventRounds "5"]
[EventCountry "CAN"]
[SourceTitle "EXT 2005"]
[Source "ChessBase"]
[SourceDate "2004.11.15"]
[SourceVersion "1"]
[SourceVersionDate "2004.11.15"]
[SourceQuality "1"]

1. d4 e6 2. Nf3 Nf6 3. Bf4 Be7 4. h3 O-O 5. Nbd2 Nh5 6. Bh2 f5 7. e3 d6 8. Bd3 Qe8 9. Qe2 g6 10. g4 Ng7 11. Bf4 fxg4 12. hxg4 e5 13. dxe5 Bxg4 14. O-O-O d5 15. Rdg1 Be6 16. Qf1 c5 17. Qg2 c4 18. Rxh7 cxd3 19. Qh2 Bf5 20. Qh6 Ne6 21. Nd4 g5 22. Nxe6 1-0

[Event "Charlesbourg Zukertort"]
[Site "Charlesbourg CAN"]
[Date "2004.05.24"]
[Round "5"]
[White "Godbout, Mathieu"]
[Black "Poliquin, Yvone"]
[Result "1/2-1/2"]
[WhiteElo "1808"]
[BlackElo "1840"]
[PlyCount "106"]
[GameId "2160767911166870"]
[EventDate "2004.04.??"]
[EventType "swiss"]
[EventRounds "5"]
[EventCountry "CAN"]
[SourceTitle "EXT 2005"]
[Source "ChessBase"]
[SourceDate "2004.11.15"]
[SourceVersion "1"]
[SourceVersionDate "2004.11.15"]
[SourceQuality "1"]

1. c4 Nf6 2. Nc3 e5 3. Nf3 Nc6 4. g3 Nd4 5. Bg2 Nxf3+ 6. Bxf3 Bb4 7. O-O Bxc3 8. dxc3 O-O 9. c5 Re8 10. Qc2 e4 11. Bg2 b6 12. Be3 Bb7 13. Rfd1 Qe7 14. b4 Bc6 15. c4 Ng4 16. Bf4 e3 17. f3 Nf2 18. Bxc7 Nxd1 19. Rxd1 bxc5 20. Bd6 Qe6 21. Bxc5 d5 22. b5 Bb7 23. f4 Red8 24. Qd3 Qc8 25. Be7 Re8 26. c5 Rxe7 27. c6 Bxc6 28. bxc6 Qc7 29. Bxd5 Rae8 30. Qc4 Kf8 31. Qc5 Rd8 32. Rd3 Qb6 33. Qc4 Qb1+ 34. Kg2 Qe1 35. Rb3 Qd2 36. Bf3 Rc7 37. Bg4 Qd5+ 38. Qxd5 Rxd5 39. Rxe3 f5 40. Bf3 Ra5 41. a3 Rc5 42. h3 Kf7 43. g4 g6 44. Kg3 Kf6 45. Rd3 Ke7 46. Kf2 a5 47. Ke3 h6 48. Kd4 Rc2 49. Rc3 Rxc3 50. Kxc3 Kd6 51. gxf5 gxf5 52. Kc4 Re7 53. Kb5 Re3 1/2-1/2

[Event "Charlesbourg Zukertort"]
[Site "Charlesbourg CAN"]
[Date "2004.05.24"]
[Round "5"]
[White "Laflamme, Simon"]
[Black "Robitaille, Denis"]
[Result "0-1"]
[WhiteElo "1920"]
[BlackElo "1851"]
[PlyCount "74"]
[GameId "2160767911166871"]
[EventDate "2004.04.??"]
[EventType "swiss"]
[EventRounds "5"]
[EventCountry "CAN"]
[SourceTitle "EXT 2005"]
[Source "ChessBase"]
[SourceDate "2004.11.15"]
[SourceVersion "1"]
[SourceVersionDate "2004.11.15"]
[SourceQuality "1"]

1. e4 g6 2. d4 Bg7 3. Nc3 c6 4. Bc4 d5 5. exd5 b5 6. Bb3 b4 7. Nce2 cxd5 8. Nf3 Nf6 9. O-O O-O 10. a3 bxa3 11. Rxa3 Nc6 12. Bf4 Qb6 13. Nc3 e6 14. Na4 Qd8 15. Nc5 Ne4 16. Nxe4 dxe4 17. Nd2 Nxd4 18. Nxe4 e5 19. Bg5 Qb6 20. Be7 Ba6 21. Bxf8 Bxf1 22. Ng5 Bxf8 23. Bxf7+ Kg7 24. Rh3 Ne2+ 25. Kh1 Bxg2+ 26. Kxg2 Nf4+ 27. Kg1 Nxh3+ 28. Nxh3 Rd8 29. Qf3 Qf6 30. Qxf6+ Kxf6 31. Bb3 Rd1+ 32. Kg2 Rb1 33. f4 Bc5 34. fxe5+ Kxe5 35. Nf2 Bxf2 36. Kxf2 Rxb2 37. Ba4 Rb4 0-1

[Event "Charlesbourg Zukertort"]
[Site "Charlesbourg CAN"]
[Date "2004.05.24"]
[Round "5"]
[White "Nadeau, Sebastien"]
[Black "Lapierre, Gaetan"]
[Result "0-1"]
[WhiteElo "1838"]
[BlackElo "1854"]
[PlyCount "108"]
[GameId "2160767911166872"]
[EventDate "2004.04.??"]
[EventType "swiss"]
[EventRounds "5"]
[EventCountry "CAN"]
[SourceTitle "EXT 2005"]
[Source "ChessBase"]
[SourceDate "2004.11.15"]
[SourceVersion "1"]
[SourceVersionDate "2004.11.15"]
[SourceQuality "1"]

1. d4 Nf6 2. c4 c5 3. Nf3 cxd4 4. Nxd4 Nc6 5. Nc3 g6 6. Nxc6 bxc6 7. e4 d6 8. Bd3 Bg7 9. O-O Qa5 10. a3 Ng4 11. Qe2 h5 12. Bd2 Ne5 13. Bc2 Ba6 14. b4 Qd8 15. Bb3 e6 16. f4 Ng4 17. Rf3 O-O 18. Raf1 d5 19. b5 cxb5 20. cxb5 Qb6+ 21. Kh1 Bxc3 22. bxa6 Bxd2 23. exd5 Be3 24. h3 Qxb3 25. hxg4 Qxd5 26. Rxe3 hxg4 27. Qxg4 Kg7 28. Qf3 Rh8+ 29. Kg1 Qc5 30. Qe4 Rad8 31. Qe5+ Qxe5 32. Rxe5 Rd6 33. Ra5 Rb8 34. g4 Rbb6 35. Rf3 Rxa6 36. Re5 Ra4 37. Kg2 Rda6 38. Ree3 g5 39. f5 Rxg4+ 40. Kf2 exf5 41. Rxf5 Rf6 42. Ref3 Rxf5 43. Rxf5 Rf4+ 44. Rxf4 gxf4 45. Kf3 Kf6 46. Kxf4 Ke6 47. Ke4 Kd6 48. Kd4 a5 49. a4 Kc6 50. Kc4 f5 51. Kd4 Kd6 52. Ke3 Kc5 53. Kf4 Kb4 54. Kxf5 Kxa4 0-1

[Event "Charlesbourg Zukertort"]
[Site "Charlesbourg CAN"]
[Date "2004.05.24"]
[Round "5"]
[White "Sauve, Richard"]
[Black "Fecteau, Martin"]
[Result "1/2-1/2"]
[WhiteElo "1924"]
[BlackElo "2013"]
[PlyCount "88"]
[GameId "2160767911166873"]
[EventDate "2004.04.??"]
[EventType "swiss"]
[EventRounds "5"]
[EventCountry "CAN"]
[SourceTitle "EXT 2005"]
[Source "ChessBase"]
[SourceDate "2004.11.15"]
[SourceVersion "1"]
[SourceVersionDate "2004.11.15"]
[SourceQuality "1"]

1. d4 Nf6 2. c4 e6 3. Nc3 Bb4 4. Qc2 O-O 5. Bg5 h6 6. Bh4 d6 7. a3 Bxc3+ 8. Qxc3 g5 9. Bg3 Ne4 10. Qc2 f5 11. e3 b6 12. Bd3 Bb7 13. Ne2 Nd7 14. f3 Nxg3 15. hxg3 Qf6 16. O-O-O Kg7 17. e4 fxe4 18. Bxe4 d5 19. Bd3 c5 20. Kb1 cxd4 21. cxd5 Rfc8 22. Qa4 Nc5 23. Qxd4 Qxd4 24. Nxd4 Bxd5 25. Rhe1 Kf6 26. Bf1 a5 27. Bb5 Rc7 28. Rh1 Kg6 29. Rh2 Nb3 30. Rhh1 Nxd4 31. Rxd4 Kg7 32. Re1 Rc5 33. Bd3 Rd8 34. Ka1 Rdc8 35. Kb1 R8c7 36. Be4 Bb3 37. f4 a4 38. Rb4 b5 39. Rd4 Kf6 40. Rd8 Kg7 41. Rd6 Kf7 42. Rd8 Kg7 43. Rd4 Rf7 44. Bd3 Rfc7 1/2-1/2

[Event "Charlesbourg op1"]
[Site "Charlesbourg CAN"]
[Date "2004.06.07"]
[Round "1"]
[White "Berube, Antoine"]
[Black "Leclerc, Jean-Francois"]
[Result "1-0"]
[WhiteElo "2011"]
[BlackElo "1445"]
[PlyCount "41"]
[GameId "2160767911096263"]
[EventDate "2004.06.07"]
[EventType "swiss"]
[EventRounds "5"]
[EventCountry "CAN"]
[SourceTitle "EXT 2006"]
[Source "ChessBase"]
[SourceDate "2005.11.24"]
[SourceVersion "1"]
[SourceVersionDate "2005.11.24"]
[SourceQuality "1"]

1. d4 d5 2. c4 dxc4 3. e4 e5 4. d5 Nf6 5. Nc3 c6 6. Bxc4 Bb4 7. Bg5 O-O 8. Nge2 cxd5 9. exd5 a6 10. O-O Be7 11. a4 Qd6 12. Ng3 h6 13. Nge4 Nxe4 14. Nxe4 Qb4 15. Bxe7 Qxc4 16. Nd6 Qc7 17. Bxf8 Kxf8 18. Rc1 Qxd6 19. Rxc8+ Ke7 20. Qc2 Kd7 21. Rc1 1-0

[Event "Charlesbourg op1"]
[Site "Charlesbourg CAN"]
[Date "2004.06.07"]
[Round "1"]
[White "Gagnon, Alain"]
[Black "Plante, Rejean"]
[Result "0-1"]
[WhiteElo "1511"]
[BlackElo "2104"]
[PlyCount "64"]
[GameId "2160767911096264"]
[EventDate "2004.06.07"]
[EventType "swiss"]
[EventRounds "5"]
[EventCountry "CAN"]
[SourceTitle "EXT 2006"]
[Source "ChessBase"]
[SourceDate "2005.11.24"]
[SourceVersion "1"]
[SourceVersionDate "2005.11.24"]
[SourceQuality "1"]

1. d4 Nf6 2. c4 g6 3. Nc3 Bg7 4. e4 d6 5. Be2 O-O 6. Nf3 e5 7. O-O Nc6 8. d5 Ne7 9. Re1 Nh5 10. Nxe5 dxe5 11. Bxh5 gxh5 12. Qxh5 Ng6 13. Bg5 f6 14. Bd2 f5 15. Bg5 Qd7 16. Re3 f4 17. Rh3 Bf6 18. Bxf6 Rxf6 19. Qg5 Rf7 20. Rh6 Qe7 21. Qh5 f3 22. g3 Qf6 23. Rd1 Qg7 24. Kh1 Bg4 25. Rxg6 Qxg6 26. Qxg6+ hxg6 27. c5 Rd8 28. b4 b6 29. a3 bxc5 30. bxc5 Rb8 31. Rb1 Rxb1+ 32. Nxb1 Rf8 0-1

[Event "Charlesbourg op1"]
[Site "Charlesbourg CAN"]
[Date "2004.06.07"]
[Round "1"]
[White "Sauve, Richard"]
[Black "Letourneau, Alex"]
[Result "1/2-1/2"]
[WhiteElo "1924"]
[BlackElo "1386"]
[PlyCount "125"]
[GameId "2160767911096265"]
[EventDate "2004.06.07"]
[EventType "swiss"]
[EventRounds "5"]
[EventCountry "CAN"]
[SourceTitle "EXT 2006"]
[Source "ChessBase"]
[SourceDate "2005.11.24"]
[SourceVersion "1"]
[SourceVersionDate "2005.11.24"]
[SourceQuality "1"]

1. d4 Nf6 2. c4 c5 3. d5 e6 4. Nc3 exd5 5. cxd5 d6 6. e4 Be7 7. Be2 O-O 8. Nf3 Nbd7 9. O-O Ng4 10. a4 a6 11. Bf4 Qb6 12. Qd2 Bf6 13. a5 Qc7 14. Rfd1 Nde5 15. Ne1 Ng6 16. Bg3 Qe7 17. f3 Bd4+ 18. Kh1 Be3 19. Qc2 Nf2+ 20. Bxf2 Bxf2 21. Bf1 Qh4 22. Ne2 f5 23. g3 Qh5 24. Nf4 Nxf4 25. Qxf2 Ng6 26. Bd3 fxe4 27. Bxe4 Ne5 28. Ra3 Bd7 29. Ng2 Ng4 30. Qg1 Nf6 31. Nf4 Qe5 32. Nd3 Qe7 33. Re1 Qf7 34. Nf4 Rae8 35. Rb3 g5 36. Ne6 Bxe6 37. dxe6 Rxe6 38. Rxb7 Qe8 39. Qe3 Nxe4 40. fxe4 Qh5 41. Qb3 c4 42. Qc3 Qf3+ 43. Qxf3 Rxf3 44. Rb6 Rb3 45. Rxb3 cxb3 46. Re3 d5 47. Rxb3 dxe4 48. Kg2 e3 49. Kf1 Re5 50. Ke2 Kf7 51. Rb7+ Kf6 52. Rb6+ Kf5 53. Rxa6 Rb5 54. Rb6 Rxa5 55. Kxe3 Re5+ 56. Kd3 h5 57. Rh6 Kg4 58. b4 Rf5 59. Rc6 Rf3+ 60. Ke2 Rb3 61. h4 Rxb4 62. hxg5 Kxg5 63. Kf3 1/2-1/2

[Event "Charlesbourg op1"]
[Site "Charlesbourg CAN"]
[Date "2004.06.07"]
[Round "1"]
[White "Turcot, Jean"]
[Black "Lessard, Claude"]
[Result "0-1"]
[WhiteElo "1484"]
[BlackElo "2074"]
[PlyCount "60"]
[GameId "2160767911096266"]
[EventDate "2004.06.07"]
[EventType "swiss"]
[EventRounds "5"]
[EventCountry "CAN"]
[SourceTitle "EXT 2006"]
[Source "ChessBase"]
[SourceDate "2005.11.24"]
[SourceVersion "1"]
[SourceVersionDate "2005.11.24"]
[SourceQuality "1"]

1. b4 d5 2. Bb2 Nf6 3. e3 Bf5 4. Nf3 e6 5. c4 c6 6. b5 dxc4 7. Bxc4 Bd3 8. Qb3 Bxc4 9. Qxc4 Qd5 10. Qxd5 cxd5 11. O-O Nbd7 12. d4 Bd6 13. Ba3 Ke7 14. Bxd6+ Kxd6 15. Rc1 Ne4 16. Nbd2 f5 17. Rc2 Rac8 18. Rac1 Rxc2 19. Rxc2 h6 20. Nxe4+ fxe4 21. Nd2 Nb6 22. f3 exf3 23. gxf3 Rc8 24. Rxc8 Nxc8 25. a4 Nb6 26. Kf2 Nxa4 27. Nb1 Kc7 28. Ke2 Kb6 29. Kd2 Kxb5 30. Nc3+ Nxc3 0-1

[Event "Charlesbourg op1"]
[Site "Charlesbourg CAN"]
[Date "2004.06.14"]
[Round "2"]
[White "Gaudreau, Eric"]
[Black "Beaudoin, Stephane"]
[Result "0-1"]
[WhiteElo "1644"]
[BlackElo "2126"]
[PlyCount "46"]
[GameId "2160767911096267"]
[EventDate "2004.06.07"]
[EventType "swiss"]
[EventRounds "5"]
[EventCountry "CAN"]
[SourceTitle "EXT 2006"]
[Source "ChessBase"]
[SourceDate "2005.11.24"]
[SourceVersion "1"]
[SourceVersionDate "2005.11.24"]
[SourceQuality "1"]

1. Nf3 Nf6 2. d4 e6 3. Bg5 h6 4. Bh4 Be7 5. Nbd2 O-O 6. c3 d5 7. e3 b6 8. Bd3 c5 9. O-O Bb7 10. Ne5 Nc6 11. f4 Ne8 12. Bxe7 Nxe7 13. g4 Nd6 14. Qe1 Ne4 15. Rd1 f6 16. Nef3 Qe8 17. Nh4 g5 18. Nhf3 Qg6 19. fxg5 hxg5 20. Kg2 Qg7 21. Rh1 Ng6 22. h4 cxd4 23. exd4 Nf4+ 0-1

[Event "Charlesbourg op1"]
[Site "Charlesbourg CAN"]
[Date "2004.06.14"]
[Round "2"]
[White "Lessard, Claude"]
[Black "Robitaille, Serge"]
[Result "1-0"]
[WhiteElo "2074"]
[BlackElo "1632"]
[PlyCount "57"]
[GameId "2160767911096268"]
[EventDate "2004.06.07"]
[EventType "swiss"]
[EventRounds "5"]
[EventCountry "CAN"]
[SourceTitle "EXT 2006"]
[Source "ChessBase"]
[SourceDate "2005.11.24"]
[SourceVersion "1"]
[SourceVersionDate "2005.11.24"]
[SourceQuality "1"]

1. d4 f5 2. e4 fxe4 3. f3 Nf6 4. Bg5 d5 5. Bxf6 exf6 6. fxe4 dxe4 7. Bc4 Bd6 8. Ne2 Qe7 9. Nbc3 c6 10. Qd2 b5 11. Bb3 a5 12. a4 b4 13. Nd1 Na6 14. Ne3 Bd7 15. O-O O-O-O 16. Nf5 Bxf5 17. Rxf5 Qc7 18. h3 Nc5 19. Qe3 Nxb3 20. cxb3 Rhe8 21. Rc1 Qb6 22. Rb5 Qa7 23. Rxc6+ Kd7 24. Rbb6 Bc7 25. Ra6 Qb7 26. Qf2 Qxc6 27. Qf5+ Qe6 28. Rxe6 Rxe6 29. d5 1-0

[Event "Charlesbourg op1"]
[Site "Charlesbourg CAN"]
[Date "2004.06.14"]
[Round "2"]
[White "Plante, Rejean"]
[Black "Bluteau, Yvon"]
[Result "1-0"]
[WhiteElo "2104"]
[BlackElo "1647"]
[PlyCount "77"]
[GameId "2160767911096269"]
[EventDate "2004.06.07"]
[EventType "swiss"]
[EventRounds "5"]
[EventCountry "CAN"]
[SourceTitle "EXT 2006"]
[Source "ChessBase"]
[SourceDate "2005.11.24"]
[SourceVersion "1"]
[SourceVersionDate "2005.11.24"]
[SourceQuality "1"]

1. c4 e5 2. Nc3 f5 3. g3 Nf6 4. Bg2 c6 5. d4 e4 6. Bg5 Bb4 7. Qb3 Na6 8. e3 h6 9. Bxf6 Qxf6 10. Nge2 d6 11. O-O O-O 12. a3 Ba5 13. Qc2 Bd8 14. b4 Nc7 15. d5 Bd7 16. Rfd1 Be7 17. Rac1 a5 18. Nd4 axb4 19. axb4 Ra7 20. b5 cxb5 21. cxb5 Ra5 22. Bf1 Rfa8 23. Nxe4 fxe4 24. Qxc7 Ra2 25. Rc2 Rc8 26. Qxc8+ Bxc8 27. Rxa2 Bg4 28. Rc1 Qg6 29. Rc7 Bf6 30. h3 Bf5 31. Ra8+ Kh7 32. Ne6 Bxe6 33. dxe6 Be5 34. e7 Bxg3 35. Bg2 Bxf2+ 36. Kxf2 Qf5+ 37. Kg1 Qg5 38. e8=Q Qxe3+ 39. Kh1 1-0

[Event "Charlesbourg op1"]
[Site "Charlesbourg CAN"]
[Date "2004.06.21"]
[Round "3"]
[White "Beaudoin, Stephane"]
[Black "Nadeau, Sebastien"]
[Result "1-0"]
[WhiteElo "2126"]
[BlackElo "1838"]
[PlyCount "113"]
[GameId "2160767911096270"]
[EventDate "2004.06.07"]
[EventType "swiss"]
[EventRounds "5"]
[EventCountry "CAN"]
[SourceTitle "EXT 2006"]
[Source "ChessBase"]
[SourceDate "2005.11.24"]
[SourceVersion "1"]
[SourceVersionDate "2005.11.24"]
[SourceQuality "1"]

1. e4 c5 2. Nf3 d6 3. d4 cxd4 4. Nxd4 Nf6 5. Nc3 a6 6. Be3 g6 7. f3 Bg7 8. Qd2 Nbd7 9. O-O-O O-O 10. Bh6 Qc7 11. h4 Ne5 12. h5 e6 13. g4 b5 14. Bxg7 Kxg7 15. hxg6 fxg6 16. Qh6+ Kg8 17. Bh3 Qc4 18. Bf1 Qc7 19. Rd2 Nc4 20. Rdh2 Ra7 21. Nce2 e5 22. g5 Nxe4 23. fxe4 exd4 24. Nxd4 Rxf1+ 25. Rxf1 Qg7 26. Qxg7+ Kxg7 27. b3 Ne3 28. Rf3 Ng4 29. Rhf2 Nxf2 30. Rxf2 Rf7 31. Rxf7+ Kxf7 32. Kd2 Bb7 33. Kd3 Ke7 34. c4 b4 35. Nc2 a5 36. Kd4 Ke6 37. a3 bxa3 38. Nxa3 Kd7 39. Nb5 Ke6 40. Nc3 Bc6 41. Na4 Kd7 42. Nb2 Ke6 43. Nd3 a4 44. b4 a3 45. Nc1 Ba4 46. b5 Bc2 47. b6 Kd7 48. Kd5 Bb1 49. e5 dxe5 50. c5 e4 51. c6+ Kc8 52. Kd6 e3 53. Nb3 e2 54. Nc5 Bf5 55. b7+ Kb8 56. c7+ Ka7 57. b8=Q# 1-0

[Event "Charlesbourg op1"]
[Site "Charlesbourg CAN"]
[Date "2004.06.21"]
[Round "3"]
[White "Bonneau, Daniel"]
[Black "Plante, Rejean"]
[Result "1-0"]
[WhiteElo "1957"]
[BlackElo "2104"]
[PlyCount "99"]
[GameId "2160767911096272"]
[EventDate "2004.06.07"]
[EventType "swiss"]
[EventRounds "5"]
[EventCountry "CAN"]
[SourceTitle "EXT 2006"]
[Source "ChessBase"]
[SourceDate "2005.11.24"]
[SourceVersion "1"]
[SourceVersionDate "2005.11.24"]
[SourceQuality "1"]

1. d4 c5 2. d5 e5 3. e4 d6 4. Nc3 Nf6 5. Bd3 g6 6. Nf3 Bg7 7. O-O O-O 8. Nd2 Nh5 9. Nc4 a6 10. a4 b6 11. Be3 Nf4 12. Qd2 Nxd3 13. Qxd3 f5 14. f4 fxe4 15. Nxe4 Bf5 16. fxe5 dxe5 17. Ncd2 Nd7 18. c4 Qh4 19. Bf2 Qd8 20. Qe2 a5 21. Ra3 Nf6 22. Nxf6+ Qxf6 23. Ne4 Bxe4 24. Qxe4 Qf4 25. Re3 Rad8 26. Ree1 Qxe4 27. Rxe4 Rf5 28. Rfe1 Rf4 29. Bg3 Rxe4 30. Rxe4 Re8 31. Kf2 Kf7 32. Ke2 Ke7 33. Kd3 Kd6 34. Re2 Rf8 35. Rf2 Rxf2 36. Bxf2 h5 37. b3 Bf6 38. Ke4 Bg5 39. Be3 Bf6 40. Kf3 Kd7 41. g4 hxg4+ 42. Kxg4 Be7 43. Bg5 Bd6 44. Kf3 Ke8 45. Ke4 Kd7 46. Bf6 Bf8 47. Bxe5 Bh6 48. Kf3 Bd2 49. Kg4 Bh6 50. Bf4 1-0

[Event "Charlesbourg op1"]
[Site "Charlesbourg CAN"]
[Date "2004.06.21"]
[Round "3"]
[White "Poliquin, Yvone"]
[Black "Lessard, Claude"]
[Result "1-0"]
[WhiteElo "1840"]
[BlackElo "2074"]
[PlyCount "73"]
[GameId "2160767911096273"]
[EventDate "2004.06.07"]
[EventType "swiss"]
[EventRounds "5"]
[EventCountry "CAN"]
[SourceTitle "EXT 2006"]
[Source "ChessBase"]
[SourceDate "2005.11.24"]
[SourceVersion "1"]
[SourceVersionDate "2005.11.24"]
[SourceQuality "1"]

1. e4 d6 2. d4 g6 3. Nf3 Bg7 4. Bc4 Nf6 5. Qe2 O-O 6. h3 c6 7. e5 dxe5 8. dxe5 Nd5 9. O-O b5 10. Bb3 a5 11. a4 b4 12. Rd1 e6 13. Bg5 Qc7 14. c4 bxc3 15. Nxc3 Na6 16. Ne4 Nab4 17. Nc5 h6 18. Bh4 Nf4 19. Qe4 g5 20. Bg3 Nbd5 21. Bxf4 Nxf4 22. Bc2 Ng6 23. Rd6 Rb8 24. Rxe6 Bxe6 25. Nxe6 fxe6 26. Qxg6 Rxf3 27. gxf3 Qxe5 28. Rd1 Qf6 29. Qh7+ Kf8 30. Qe4 Rc8 31. Bb3 Qf5 32. Qc4 Bxb2 33. Re1 c5 34. Rxe6 Bd4 35. Re4 Kg7 36. Re7+ Kh8 37. Bc2 1-0

[Event "Charlesbourg op1"]
[Site "Charlesbourg CAN"]
[Date "2004.07.05"]
[Round "4"]
[White "Laflamme, Simon"]
[Black "Boissinot, Claude"]
[Result "1-0"]
[WhiteElo "1920"]
[BlackElo "1543"]
[PlyCount "93"]
[GameId "2160767911096274"]
[EventDate "2004.06.07"]
[EventType "swiss"]
[EventRounds "5"]
[EventCountry "CAN"]
[SourceTitle "EXT 2006"]
[Source "ChessBase"]
[SourceDate "2005.11.24"]
[SourceVersion "1"]
[SourceVersionDate "2005.11.24"]
[SourceQuality "1"]

1. e4 e5 2. d4 exd4 3. Bc4 Bb4+ 4. c3 dxc3 5. bxc3 Bd6 6. Nf3 Nc6 7. O-O Nge7 8. Re1 O-O 9. e5 Bc5 10. Bg5 h6 11. Bh4 Qe8 12. Qe2 Ng6 13. Nbd2 Nxh4 14. Nxh4 Qe7 15. Nf5 Qg5 16. Ng3 Bb6 17. Nf3 Qg6 18. h3 Qxg3 19. Kh1 Qxf2 20. Qe4 Qg3 21. Bd3 Qg6 22. Qe2 Qe6 23. g4 g6 24. Qg2 Ne7 25. Nh4 Kh7 26. Nf5 Ng8 27. Ng3 Qc6 28. Be4 Qc5 29. Rf1 Qxe5 30. Rae1 Qc5 31. Qc2 Ne7 32. Nh5 d5 33. Nf6+ Kh8 34. Qd2 Ng8 35. Bxd5 Nxf6 36. Rxf6 Kg7 37. Ref1 Bf5 38. gxf5 Kxf6 39. fxg6+ Ke7 40. gxf7 Qd6 41. Qe2+ Kd7 42. Rd1 c6 43. Be6+ Kc7 44. Rxd6 Kxd6 45. Qg4 Rad8 46. Bb3 Ke7 47. Qe6# 1-0

[Event "Charlesbourg op1"]
[Site "Charlesbourg CAN"]
[Date "2004.07.05"]
[Round "4"]
[White "Leclerc, Jean-Francois"]
[Black "Lapierre, Gaetan"]
[Result "1-0"]
[WhiteElo "1445"]
[BlackElo "1768"]
[PlyCount "35"]
[GameId "2160767911096275"]
[EventDate "2004.06.07"]
[EventType "swiss"]
[EventRounds "5"]
[EventCountry "CAN"]
[SourceTitle "EXT 2006"]
[Source "ChessBase"]
[SourceDate "2005.11.24"]
[SourceVersion "1"]
[SourceVersionDate "2005.11.24"]
[SourceQuality "1"]

1. e4 d6 2. d4 g6 3. f4 Nf6 4. Nc3 Bg7 5. Nf3 O-O 6. Bd3 c6 7. e5 dxe5 8. fxe5 Ng4 9. Bf4 b5 10. Qd2 f6 11. h3 fxe5 12. dxe5 Rxf4 13. Qxf4 Bh6 14. Ng5 Nf6 15. O-O-O Qa5 16. Rhf1 b4 17. Bc4+ Kg7 18. exf6+ 1-0

[Event "Charlesbourg op1"]
[Site "Charlesbourg CAN"]
[Date "2004.07.05"]
[Round "4"]
[White "Lessard, Claude"]
[Black "Bonneau, Daniel"]
[Result "1-0"]
[WhiteElo "2074"]
[BlackElo "1957"]
[PlyCount "91"]
[GameId "2160767911096276"]
[EventDate "2004.06.07"]
[EventType "swiss"]
[EventRounds "5"]
[EventCountry "CAN"]
[SourceTitle "EXT 2006"]
[Source "ChessBase"]
[SourceDate "2005.11.24"]
[SourceVersion "1"]
[SourceVersionDate "2005.11.24"]
[SourceQuality "1"]

1. Nf3 Nf6 2. b3 g6 3. Bb2 Bg7 4. e4 d6 5. Qe2 O-O 6. d4 Bg4 7. h3 Bxf3 8. Qxf3 e5 9. dxe5 dxe5 10. Nd2 Nc6 11. O-O-O Qe7 12. g4 Rfd8 13. h4 a5 14. h5 a4 15. hxg6 hxg6 16. Bc4 Nd4 17. Bxd4 Rxd4 18. Nb1 axb3 19. Bxb3 Nxe4 20. Rxd4 exd4 21. Re1 Re8 22. Qf4 Qf6 23. Rxe4 Qxf4+ 24. Rxf4 Bh6 25. Bxf7+ Kf8 26. Bxe8+ Kxe8 27. Kb2 Bxf4 28. Kb3 b5 29. Kb4 c6 30. Kc5 Kd7 31. Kxd4 Kd6 32. Nc3 Be5+ 33. Kd3 Kc5 34. a3 Kd6 35. Nd1 Kd5 36. Ne3+ Ke6 37. c4 Kd6 38. cxb5 cxb5 39. Ke4 Bb2 40. Nc2 Ke6 41. Nd4+ Kd6 42. Nxb5+ Kc5 43. a4 Kb4 44. Nc7 Kxa4 45. Nd5 Kb5 46. Nf4 1-0

[Event "Charlesbourg op1"]
[Site "Charlesbourg CAN"]
[Date "2004.07.05"]
[Round "4"]
[White "Nadeau, Sebastien"]
[Black "Gagnon, Alain"]
[Result "1-0"]
[WhiteElo "1838"]
[BlackElo "1511"]
[PlyCount "67"]
[GameId "2160767911096277"]
[EventDate "2004.06.07"]
[EventType "swiss"]
[EventRounds "5"]
[EventCountry "CAN"]
[SourceTitle "EXT 2006"]
[Source "ChessBase"]
[SourceDate "2005.11.24"]
[SourceVersion "1"]
[SourceVersionDate "2005.11.24"]
[SourceQuality "1"]

1. e4 c5 2. Nf3 d6 3. d4 cxd4 4. Nxd4 Nf6 5. Nc3 a6 6. Bg5 e6 7. f4 Nbd7 8. Qf3 Be7 9. O-O-O Qc7 10. g4 b5 11. Bh3 b4 12. Nb1 Bb7 13. Bxf6 Nxf6 14. Rhe1 h6 15. Nd2 Qa5 16. Kb1 d5 17. N2b3 Qc7 18. exd5 Bxd5 19. Qe2 Bb7 20. f5 O-O 21. Nxe6 fxe6 22. Qxe6+ Rf7 23. Bf1 Rc8 24. Rd2 Bd5 25. Qe2 a5 26. h4 Bb7 27. Nd4 Ne4 28. Rd3 Nc5 29. Re3 Bf6 30. Nb5 Qb8 31. g5 hxg5 32. Qh5 Qf4 33. hxg5 Qxg5 34. Re8+ 1-0